[Event "Boyaca Region-ch qual (Women)"]
[Site "Duitama"]
[Date "2010.05.16"]
[Round "3.4"]
[White "Rojas Castillo, Andrea Lizeth"]
[Black "Gomez, Anyi N"]
[Result "0-1"]
[WhiteElo "2007"]
[BlackElo "1637"]
[PlyCount "63"]
[EventDate "2010.05.15"]
[EventType "swiss"]
[EventRounds "4"]
[EventCountry "COL"]
[SourceTitle "EXT 2024"]
[Source "ChessBase"]
[SourceDate "2023.10.10"]
[SourceVersion "1"]
[SourceVersionDate "2023.10.10"]
[SourceQuality "1"]

1. e4 e5 2. Nf3 Nc6 3. Bb5 Nf6 4. d3 Bc5 5. 0-0 d6 6. c3 0-0 7. Re1 Bg4 8. Nbd2 a6 9. Ba4 b5 10. Bb3 b4 11. c4 Nd4 12. h3 Bh5 13. a3 Nxb3 14. Nxb3 a5 15. Nxc5 dxc5 16. Re3 Re8 17. g4 Bg6 18. Bd2 Ra6 19. Nh4 Rd6 20. Nxg6 fxg6 21. Qb3 Rf8 22. axb4 axb4 23. Ra5 Nd7 24. Bxb4 Qh4 25. Be1 Rdf6 26. Rg3 Rf3 27. Rxf3 Rxf3 28. Ra8+ Kf7 29. Ra7 Qxh3 30. Rxc7 Qxg4+ 31. Kf1 Ke6 32. Qb7 0-1